[Event "UGA olympic qual 2nd"]
[Site "Kampala"]
[Date "2012.03.03"]
[Round "1"]
[White "Muwanga, David"]
[Black "Nsubuga, Haruna"]
[Result "0-1"]
[WhiteElo "2000"]
[BlackElo "2103"]
[PlyCount "52"]
[EventDate "2012.03.03"]
[EventType "swiss"]
[EventRounds "8"]
[EventCountry "UGA"]
[SourceTitle "CBM 147 Extra"]
[Source "ChessBase"]
[SourceDate "2012.04.24"]
[SourceVersion "1"]
[SourceVersionDate "2012.04.24"]
[SourceQuality "1"]

1. e4 c5 2. Nf3 Nc6 3. d4 cxd4 4. Nxd4 g6 5. Bc4 Bg7 6. Nf3 Nf6 7. Nc3 0-0 8. 0-0 d6 9. Bg5 Bg4 10. Re1 Ne5 11. Be2 Nxf3+ 12. Bxf3 Be6 13. Qe2 Rc8 14. Rad1 h6 15. Bh4 g5 16. Bg3 g4 17. e5 gxf3 18. gxf3 Nh5 19. exd6 Nxg3 20. fxg3 exd6 21. Kg2 Re8 22. Qd3 d5 23. Nxd5 Bxd5 24. Rxe8+ Qxe8 25. Qxd5 Qe2+ 26. Kg1 Rxc2 0-1